000 00287nam a2200109Ia 4500
001 1275930
005 20260417160437.0
008 260417s9999 xx 000 0 und d
020 _a9786256495180
245 0 _aHasan Tahsin ve Gizli Pelerin
_cBüşra Şen Altun
260 _bKetebe Çocuk
999 _c1275930
_d1275930